[Event "Vosu op"]
[Site "Vosu"]
[Date "1989.??.??"]
[Round "?"]
[White "Kullamaa, Igor B"]
[Black "Onga, J."]
[Result "1-0"]
[WhiteElo "2255"]
[BlackElo "2095"]
[PlyCount "43"]
[EventDate "1989.??.??"]
[EventType "swiss"]
[EventRounds "9"]
[EventCountry "URS"]
[SourceTitle "EXT 1997"]
[Source "ChessBase"]
[SourceDate "1996.11.15"]
[SourceVersion "1"]
[SourceVersionDate "1996.11.15"]
[SourceQuality "1"]

1. e4 c6 2. d4 d5 3. exd5 cxd5 4. c4 Nc6 5. cxd5 Qxd5 6. Nf3 Bg4 7. Nc3 Bxf3 8. gxf3 Qxd4 9. Qxd4 Nxd4 10. Nb5 Nc2+ 11. Kd1 Nxa1 12. Nc7+ Kd8 13. Nxa8 e5 14. Be3 Nf6 15. Bxa7 Bb4 16. Be3 Nd5 17. Nb6 Nxb6 18. Bxb6+ Ke7 19. Rg1 g6 20. Rg4 Bd6 21. Kc1 Rc8+ 22. Rc4 1-0